000 00335nam a2200133 a 4500
005 20140412111424.0
008 080205s19uu xx 00 eng d
020 _a1-84557-313-7
050 _aTR(GS 428.4
_bSa4 2005
245 _aSame Sounds.
260 _aNew Delhi :
_bNew Dawn Press,
_c2006.
440 _aPhonics
999 _c106162
_d106162